Normal view MARC view

Entry Personal Name

Number of records used in: 1

001 - CONTROL NUMBER

  • control field: 51329

003 - CONTROL NUMBER IDENTIFIER

  • control field: OSt

005 - DATE AND TIME OF LATEST TRANSACTION

  • control field: 20250317113658.0

008 - FIXED-LENGTH DATA ELEMENTS

  • fixed length control field: 250317|| aca||aabn | a|a d

040 ## - CATALOGING SOURCE

  • Original cataloging agency: OSt
  • Transcribing agency: OSt

100 ## - HEADING--PERSONAL NAME

  • Personal name: Kostelecky, T. Bernard, J. Mansfeldova, Z. and Mikesova, R.

670 ## - SOURCE DATA FOUND

  • Source citation: Work cat.: (OSt): Kostelecky, T. Bernard, J. Mansfeldova, Z. and Mikesova, R. , From an alternative to a dominant form of local political actors? Independent candidates in the Czech local elections in 2010–2018

Powered by Koha